CORES - ÁREA DE INSTRUÇÃO - Statistics

Estatísticas Gerais
  • Esse quiz foi jogado 206 vezes
  • A pontuação média é 12 de 15
Estatísticas das Respostas
COR % Correto
entre 5 e 10 km
100%
x maior que 10 km
100%
menor que 5 km
100%
bem definido
90%
muitas nuvens
80%
parcialmente definido
80%
pouco definido
80%
sem nuvens
80%
encoberto
70%
encoberto
70%
fechado por nebulosidade
70%
não observável
70%
névoa intensa
70%
poucas e esparsas
70%
observável a grande altitude
60%
Nenhum quiz correspondente encontrado
Distribuição das Pontuações
Porcentagem de Pessoas com Cada Pontuação
Percentil de Números Respondidos
Sua Pontuação Histórica
Você não jogou esse quiz